[Event "III Weekend A"]
[Site "Lesa ITA"]
[Date "2014.09.20"]
[Round "2"]
[White "Hofmann, Colin"]
[Black "Bonferroni, Carlo"]
[WhiteElo "1888"]
[BlackElo "1864"]
[Result "0-1"]
[PlyCount "76"]
[EventDate "2014.09.19"]

1. e4 e6 2. d4 d5 3. Nd2 Nf6 4. e5 Nfd7 5. c3 c5 6. Bd3 Nc6 7. Ne2 cxd4 8. cxd4
f6 9. exf6 Nxf6 10. Nf3 Bd6 11. Bf4 O-O 12. O-O Bxf4 13. Nxf4 Qc7 14. Nh3 Ng4
15. Bxh7+ Kh8 16. g3 e5 17. Nhg5 Qe7 18. h3 e4 19. hxg4 exf3 20. Qd2 Bxg4 21.
Kh2 Qf6 22. Rh1 g6 23. Kg1 Kg7 24. Re1 Rae8 25. Rxe8 Rxe8 26. Rh4 Re2 27. Qc1
Qxd4 28. Qc3 Qxc3 29. bxc3 Bf5 30. Rf4 Kh6 31. g4 Kxg5 32. Rxf3 Be4 33. Rh3
Re1+ 34. Kh2 Ne5 35. Kg3 Rg1+ 36. Kh2 Rg2+ 37. Kh1 Rxg4+ 38. Kh2 Nf3+ 0-1

[Event "III Weekend A"]
[Site "Lesa ITA"]
[Date "2014.09.20"]
[Round "2"]
[White "Mandelli, Giacomo"]
[Black "Medici, Simone"]
[WhiteElo "1793"]
[BlackElo "2074"]
[Result "0-1"]
[PlyCount "100"]
[EventDate "2014.09.19"]

1. e4 c5 2. Nf3 a6 3. d4 cxd4 4. Nxd4 e5 5. Nf3 Nf6 6. Bd3 Nc6 7. O-O h6 8. Nc3
Bc5 9. Qe2 d6 10. h3 Be6 11. Be3 O-O 12. Rfd1 Qc7 13. Qd2 Bxe3 14. Qxe3 Rad8
15. Rac1 Rfe8 16. g4 d5 17. exd5 Nxd5 18. Nxd5 Bxd5 19. Be4 Bxe4 20. Qxe4 Nd4
21. Nxd4 exd4 22. Qf3 Re6 23. Rd2 Rf6 24. Qg2 Rc6 25. Qe4 Re6 26. Qd3 h5 27.
Re2 Qf4 28. Rce1 Rxe2 29. Qxe2 hxg4 30. hxg4 Rc8 31. Kg2 Qf6 32. Qe4 b5 33. Re2
g6 34. Kf1 Kg7 35. b4 Rd8 36. g5 Qd6 37. Rd2 f6 38. c3 d3 39. gxf6+ Qxf6 40.
Rxd3 Rxd3 41. Qxd3 Qf4 42. Kg2 Qg4+ 43. Kf1 Kf6 44. Qd8+ Ke5 45. Qe7+ Qe6 46.
Qxe6+ Kxe6 47. f3 Ke5 48. Kf2 Kd5 49. Ke3 Kc4 50. Kd2 g5 0-1

[Event "III Weekend A"]
[Site "Lesa ITA"]
[Date "2014.09.20"]
[Round "2"]
[White "Paleologu, Vladimir"]
[Black "Floris, Federico"]
[WhiteElo "2151"]
[BlackElo "1867"]
[Result "1-0"]
[PlyCount "53"]
[EventDate "2014.09.19"]

1. e4 e5 2. Nf3 Nc6 3. Bc4 Bc5 4. Qe2 d6 5. c3 Nf6 6. d3 a6 7. h3 Ba7 8. Bb3 h6
9. Nbd2 O-O 10. g4 Nh7 11. Nf1 Be6 12. Rg1 d5 13. Ng3 Ne7 14. Nxe5 Ng6 15. Nf3
dxe4 16. dxe4 Re8 17. Bd2 c5 18. O-O-O Qc7 19. Be3 c4 20. Bc2 b5 21. Nd4 Nf6
22. g5 hxg5 23. Bxg5 Nd7 24. Qd2 Nge5 25. Nh5 g6 26. f4 Nd3+ 27. Kb1 1-0

[Event "III Weekend A"]
[Site "Lesa ITA"]
[Date "2014.09.20"]
[Round "2"]
[White "Velluti, Alberto"]
[Black "Sbarra, Marco"]
[WhiteElo "1924"]
[BlackElo "2192"]
[Result "1-0"]
[PlyCount "73"]
[EventDate "2014.09.19"]

1. e4 e5 2. Nf3 Nc6 3. Bb5 a6 4. Ba4 Nf6 5. O-O Be7 6. Re1 b5 7. Bb3 d6 8. c3
O-O 9. h3 Na5 10. Bc2 c5 11. d4 Qc7 12. Nbd2 Nc6 13. d5 Nd8 14. Nf1 Ne8 15. Ng3
g6 16. Nh2 f6 17. Ng4 Nf7 18. Nh6+ Nxh6 19. Bxh6 Ng7 20. Qd2 Bd7 21. Rad1 Rae8
22. Qe2 c4 23. a3 Bd8 24. Rf1 Bc8 25. Qd2 Rf7 26. Rde1 Qa7 27. Be3 Qb8 28. Qe2
f5 29. exf5 gxf5 30. Nh5 f4 31. Nxg7 Rxg7 32. Bxf4 Bxh3 33. Qh5 Bd7 34. Bh6
Rge7 35. Re3 Kh8 36. Rg3 e4 37. Qg5 1-0

[Event "III Weekend A"]
[Site "Lesa ITA"]
[Date "2014.09.20"]
[Round "3"]
[White "Bonferroni, Carlo"]
[Black "D'avino, Gianfranco"]
[WhiteElo "1864"]
[BlackElo "1890"]
[Result "0-1"]
[PlyCount "154"]
[EventDate "2014.09.19"]

1. d4 Nf6 2. c4 e6 3. Nc3 Bb4 4. e3 O-O 5. g3 d5 6. a3 Bxc3+ 7. bxc3 b6 8. Bg2
Ne4 9. Qc2 Bb7 10. Ne2 Nd7 11. cxd5 exd5 12. c4 f5 13. O-O Ndf6 14. Nf4 Qd7 15.
Nd3 dxc4 16. Qxc4+ Bd5 17. Qc2 Rac8 18. Bb2 c5 19. dxc5 Nxc5 20. Bxd5+ Qxd5 21.
Nf4 Qe4 22. Qxe4 Nfxe4 23. Rad1 Rcd8 24. Rxd8 Rxd8 25. Bd4 Nb3 26. Ne2 Ned2 27.
Rd1 Nf3+ 28. Kg2 Nfxd4 29. exd4 Rd5 30. Rd3 Nc5 31. Rc3 Na6 32. Rd3 g5 33. Kf3
Nc7 34. Nc3 Ra5 35. d5 Rxa3 36. d6 Ne6 37. d7 Kf7 38. Ke2 Nd8 39. Kd2 Ke6 40.
Rd4 Ra5 41. h4 h6 42. hxg5 hxg5 43. Kd3 Rc5 44. g4 fxg4 45. Ne4 Rd5 46. Rxd5
Kxd5 47. Nxg5 Kd6 48. Ne4+ Kxd7 49. Nf6+ Ke6 50. Nxg4 Nc6 51. Ne3 b5 52. f4 Ne7
53. Nc2 Nf5 54. Na3 b4 55. Nc4 Nd6 56. Ne3 a5 57. Nc2 Kd5 58. Ne3+ Kc5 59. f5
a4 60. f6 Nf7 61. Kc2 Kd4 62. Nd1 Nd6 63. Nb2 b3+ 64. Kb1 a3 65. Nd1 Ke5 66.
Nc3 Kxf6 67. Ka1 Ke5 68. Nb1 b2+ 69. Ka2 Kd4 70. Nxa3 Kc3 71. Nb1+ Kc2 72. Na3+
Kc1 73. Nb1 Nb5 74. Nd2 Nd4 75. Nb1 Nc6 76. Na3 Nb4+ 77. Kb3 Nc2 0-1

[Event "III Weekend A"]
[Site "Lesa ITA"]
[Date "2014.09.20"]
[Round "3"]
[White "Floris, Federico"]
[Black "Mandelli, Giacomo"]
[WhiteElo "1867"]
[BlackElo "1793"]
[Result "1-0"]
[PlyCount "57"]
[EventDate "2014.09.19"]

1. e4 c5 2. c3 Nf6 3. e5 Nd5 4. d4 cxd4 5. Nf3 e6 6. cxd4 d6 7. Bc4 Nb6 8. Bd3
dxe5 9. dxe5 Bb4+ 10. Nc3 Nc6 11. O-O Be7 12. Qe2 Nd5 13. Nxd5 Qxd5 14. Rd1 Qa5
15. a3 O-O 16. Bf4 Rd8 17. Rac1 Bd7 18. h4 g6 19. h5 Bf8 20. hxg6 hxg6 21. Bg5
Ne7 22. Nh2 Ba4 23. Re1 Rdc8 24. Ng4 Nf5 25. Bxf5 exf5 26. Nf6+ Kg7 27. Qe3 Bc5
28. Bh6+ Kh8 29. Qh3 1-0

[Event "III Weekend A"]
[Site "Lesa ITA"]
[Date "2014.09.20"]
[Round "3"]
[White "Gemelli, Giovanni"]
[Black "Hofmann, Colin"]
[WhiteElo "1879"]
[BlackElo "1888"]
[Result "1-0"]
[PlyCount "65"]
[EventDate "2014.09.19"]

1. e4 c5 2. Nf3 d6 3. d4 cxd4 4. Nxd4 Nf6 5. Nc3 Nc6 6. Bc4 Qb6 7. Nb3 e6 8.
Be3 Qc7 9. Bd3 a6 10. O-O Be7 11. f4 b5 12. a3 Bb7 13. Qf3 Rc8 14. Rad1 O-O 15.
Qh3 b4 16. axb4 Nxb4 17. g4 d5 18. e5 Ne4 19. Bd4 Nxd3 20. cxd3 Nxc3 21. bxc3
a5 22. Ra1 Ra8 23. Qe3 Rfc8 24. f5 a4 25. Nd2 Bc5 26. f6 Bxd4 27. cxd4 Kh8 28.
fxg7+ Kg8 29. Nf3 Qc3 30. Ng5 Ba6 31. Rad1 Kxg7 32. Nxf7 Rg8 33. Qg5+ 1-0

[Event "III Weekend A"]
[Site "Lesa ITA"]
[Date "2014.09.20"]
[Round "3"]
[White "Giambrone, Salvatore"]
[Black "Boschetti, Claudio"]
[WhiteElo "1814"]
[BlackElo "2109"]
[Result "0-1"]
[PlyCount "122"]
[EventDate "2014.09.19"]

1. d4 Nf6 2. Nf3 b5 3. e4 Nxe4 4. Bxb5 Bb7 5. O-O g6 6. Re1 Bg7 7. Ng5 Nd6 8.
Bf1 O-O 9. c4 Nf5 10. d5 Na6 11. Nf3 c6 12. Nc3 cxd5 13. cxd5 Nb4 14. g4 Nd6
15. Bg5 Re8 16. Qb3 a5 17. Rad1 Rb8 18. a3 Na6 19. Be3 Ba8 20. Qc2 Qc8 21. Ba7
Rxb2 22. Qxb2 Bxc3 23. Bxa6 Bxb2 24. Bxc8 Nxc8 25. Be3 Bxa3 26. Ne5 Bb4 27. Re2
Rd8 28. Rc2 f6 29. Nxd7 Nd6 30. Nb6 Bb7 31. Rc7 Kf7 32. Bf4 Ba6 33. Bxd6 Bxd6
34. Ra7 Be2 35. Re1 Bxg4 36. Nc4 Bb4 37. Re4 Bf5 38. Rh4 h5 39. d6 Bxd6 40.
Nxd6+ Rxd6 41. Ra4 Rd1+ 42. Kg2 Bd7 43. R4xa5 Bc6+ 44. f3 Rd2+ 45. Kg3 g5 46.
h4 gxh4+ 47. Kxh4 Bxf3 48. Rc7 Bg4 49. Raa7 Re2 50. Rcb7 Re3 51. Ra3 Re1 52.
Raa7 Re4 53. Kg3 f5 54. Rb6 f4+ 55. Kg2 Re2+ 56. Kg1 f3 57. Ra1 Bh3 58. Rbb1
Kf6 59. Kh1 Kf5 60. Re1 Rxe1+ 61. Rxe1 f2 0-1

[Event "III Weekend A"]
[Site "Lesa ITA"]
[Date "2014.09.20"]
[Round "3"]
[White "Mantovan, Giuseppe"]
[Black "Bonferroni, Thierry"]
[WhiteElo "1807"]
[BlackElo "1925"]
[Result "1/2-1/2"]
[PlyCount "95"]
[EventDate "2014.09.19"]

1. d4 Nf6 2. c4 e6 3. Nc3 Bb4 4. e3 O-O 5. Nge2 d6 6. a3 Bxc3+ 7. Nxc3 Qe7 8.
Bd3 Nbd7 9. O-O e5 10. Qc2 Re8 11. Bd2 e4 12. Be2 Nf8 13. f3 Bf5 14. fxe4 Bxe4
15. Nxe4 Nxe4 16. Bf3 Nxd2 17. Qxd2 c6 18. Rae1 Qg5 19. Qf2 Re7 20. e4 Ng6 21.
g3 Nf4 22. Qe3 Ne6 23. Qf2 h5 24. e5 Nf4 25. Qe3 dxe5 26. dxe5 Ne6 27. Qxg5
Nxg5 28. Bxh5 g6 29. Bg4 Rae8 30. h4 Nh7 31. e6 f5 32. Bd1 Nf6 33. g4 Nxg4 34.
Bxg4 fxg4 35. Rf4 Rxe6 36. Rxe6 Rxe6 37. Rxg4 Kf7 38. Kf2 Kf6 39. Rd4 Re7 40.
Kf3 Rh7 41. Kg4 Ke5 42. Rd8 Ke6 43. Rd2 Kf6 44. c5 Re7 45. Rd4 a5 46. b4 axb4
47. axb4 Re2 48. Kf4 1/2-1/2

[Event "III Weekend A"]
[Site "Lesa ITA"]
[Date "2014.09.20"]
[Round "3"]
[White "Medici, Simone"]
[Black "Paleologu, Vladimir"]
[WhiteElo "2074"]
[BlackElo "2151"]
[Result "0-1"]
[PlyCount "122"]
[EventDate "2014.09.19"]

1. e4 d6 2. d4 Nf6 3. f3 d5 4. e5 Ng8 5. c4 Nc6 6. Be3 e6 7. f4 Nge7 8. Nf3
dxc4 9. Bxc4 Nd5 10. Bxd5 Qxd5 11. O-O Ne7 12. Nc3 Qd8 13. Qc2 Bd7 14. Rad1 Bc6
15. Ng5 Nd5 16. Bc1 g6 17. Nge4 Be7 18. a3 Qd7 19. b4 a6 20. Nc5 Qd8 21. N3e4
Nb6 22. Rf2 Qd5 23. Bb2 Nc4 24. Bc1 Nb6 25. Bd2 Nc4 26. Qc1 b6 27. Nc3 Qd8 28.
N5e4 Qd7 29. Qc2 b5 30. Rf3 Rd8 31. Rd3 Nb6 32. Nc5 Qc8 33. N3e4 Bd5 34. Rc3
Qa8 35. g4 Na4 36. Rg3 Nxc5 37. Nxc5 Qc6 38. Rc3 Bc4 39. Qe4 Rd5 40. Nd3 O-O
41. Be3 Qd7 42. Rdc1 Rd8 43. Nb2 f5 44. Qg2 Rxd4 45. Nxc4 Rxc4 46. Rxc4 bxc4
47. gxf5 Qd3 48. Qf3 exf5 49. Re1 Qxa3 50. Qc6 Qxb4 51. Qe6+ Kf8 52. Rc1 Qb3
53. Bf2 Rd1+ 54. Rxd1 Qxd1+ 55. Kg2 Qg4+ 56. Bg3 Qe2+ 57. Bf2 Qe4+ 58. Kg1 Qb1+
59. Kg2 c3 60. Qc8+ Kf7 61. Qxa6 c2 0-1

[Event "III Weekend A"]
[Site "Lesa ITA"]
[Date "2014.09.20"]
[Round "3"]
[White "Montilli, Vincenzo"]
[Black "Velluti, Alberto"]
[WhiteElo "2129"]
[BlackElo "1924"]
[Result "1/2-1/2"]
[PlyCount "113"]
[EventDate "2014.09.19"]

1. Nf3 d5 2. c4 Nf6 3. cxd5 Nxd5 4. e4 Nb6 5. d4 Bg4 6. Be3 e6 7. Nc3 Be7 8.
Be2 O-O 9. O-O c6 10. Qb3 N8d7 11. Rfd1 Nf6 12. a4 Qc7 13. a5 Nbd7 14. a6 Rfb8
15. axb7 Rxb7 16. Qc2 Rab8 17. Ra2 a5 18. Na4 Bh5 19. Rc1 Bg6 20. Bd3 Bb4 21.
h3 h6 22. g3 Qc8 23. Bf4 Ra8 24. g4 Be7 25. Nd2 Nb6 26. Nc5 Bxc5 27. Qxc5 h5
28. g5 e5 29. Be3 exd4 30. Qxd4 Qe6 31. Ra3 Nfd7 32. Kg2 Ne5 33. Be2 Nbd7 34.
f4 Rb4 35. Qc3 Rxe4 36. Nxe4 Bxe4+ 37. Kg3 h4+ 38. Kh2 Bf3 39. Bf1 Ng6 40. Bc4
Qd6 41. Qd2 Qc7 42. Rd3 Nde5 43. Rd6 Nxc4 44. Rxc4 Rb8 45. Rd7 Qc8 46. Rcd4 Qa6
47. Rd8+ Rxd8 48. Rxd8+ Kh7 49. f5 Ne5 50. Bf4 Qf1 51. Rh8+ Kxh8 52. Qd8+ Kh7
53. g6+ fxg6 54. Qxh4+ Kg8 55. Qd8+ Kh7 56. Qh4+ Kg8 57. Qd8+ 1/2-1/2

[Event "III Weekend A"]
[Site "Lesa ITA"]
[Date "2014.09.20"]
[Round "3"]
[White "Sbarra, Marco"]
[Black "Buzio, Alberto"]
[WhiteElo "2192"]
[BlackElo "1852"]
[Result "1-0"]
[PlyCount "57"]
[EventDate "2014.09.19"]

1. c4 e5 2. Nc3 d6 3. Nf3 f5 4. g3 Nf6 5. d4 e4 6. Ng5 Be7 7. f3 h6 8. Nh3 O-O
9. Nf4 Qe8 10. Bg2 g5 11. Nfd5 c6 12. Nxf6+ Bxf6 13. fxe4 fxe4 14. O-O c5 15.
dxc5 Bxc3 16. Rxf8+ Qxf8 17. bxc3 dxc5 18. Qd5+ Qf7 19. Bxe4 Nc6 20. Be3 Be6
21. Qxc5 Rf8 22. Rb1 Bxc4 23. Bg2 Be6 24. a4 Rc8 25. a5 a6 26. Qb6 Rc7 27. Bd4
Nxd4 28. cxd4 Rd7 29. Bxb7 1-0

[Event "III Weekend A"]
[Site "Lesa ITA"]
[Date "2014.09.21"]
[Round "4"]
[White "Bonferroni, Carlo"]
[Black "Giambrone, Salvatore"]
[WhiteElo "1864"]
[BlackElo "1814"]
[Result "0-1"]
[PlyCount "76"]
[EventDate "2014.09.19"]

1. d4 Nf6 2. c4 g6 3. Nc3 d5 4. cxd5 Nxd5 5. e4 Nxc3 6. bxc3 Bg7 7. Bg5 c5 8.
Rc1 cxd4 9. cxd4 O-O 10. d5 f5 11. Qb3 Kh8 12. Bd3 fxe4 13. Bxe4 Qd6 14. Nf3
Nd7 15. O-O Nc5 16. Qe3 b6 17. Rfd1 Bd7 18. Bh4 Ba4 19. Bg3 Qd7 20. Ne5 Qb5 21.
Bc2 Rad8 22. Nc6 Bxc2 23. Rxc2 Qxc6 24. Re2 Rxd5 25. Rxd5 Qxd5 26. Qxe7 Rd8 27.
h3 Qd4 28. Kh2 Nd3 29. Qxa7 Be5 30. Bxe5+ Nxe5 31. Qe7 Nc6 32. Qf7 Qd6+ 33. g3
Qd7 34. Qb3 Nd4 35. Qb2 Kg8 36. Re3 Qc6 37. Qa3 Rf8 38. Rc3 Rxf2+ 0-1

[Event "III Weekend A"]
[Site "Lesa ITA"]
[Date "2014.09.21"]
[Round "4"]
[White "Bonferroni, Thierry"]
[Black "Floris, Federico"]
[WhiteElo "1925"]
[BlackElo "1867"]
[Result "0-1"]
[PlyCount "74"]
[EventDate "2014.09.19"]

1. e4 e5 2. Nf3 Nc6 3. Bc4 Bc5 4. c3 Nf6 5. d3 a6 6. Bb3 Ba7 7. O-O O-O 8. Be3
d5 9. Bxa7 Rxa7 10. exd5 Nxd5 11. d4 exd4 12. Nxd4 Nde7 13. Nxc6 Nxc6 14. Qf3
Be6 15. Bxe6 fxe6 16. Qe3 e5 17. Nd2 Ra8 18. Rad1 Qe7 19. Qe4 Rf4 20. Qd5+ Kh8
21. Qb3 Raf8 22. Qxb7 Qc5 23. Nb3 Qc4 24. Qxc7 e4 25. Rd8 Qxf1+ 26. Kxf1 Nxd8
27. f3 exf3 28. h3 R4f6 29. Kf2 Rh6 30. h4 Rhf6 31. Qd7 R6f7 32. Qc8 Rf6 33.
Nd4 Ne6 34. Qc4 Nxd4 35. Qxd4 Re6 36. c4 Re2+ 37. Kf1 f2 0-1

[Event "III Weekend A"]
[Site "Lesa ITA"]
[Date "2014.09.21"]
[Round "4"]
[White "Boschetti, Claudio"]
[Black "Sbarra, Marco"]
[WhiteElo "2109"]
[BlackElo "2192"]
[Result "1-0"]
[PlyCount "109"]
[EventDate "2014.09.19"]

1. e4 e5 2. Bc4 Nc6 3. Nf3 Nf6 4. Ng5 d5 5. exd5 Na5 6. Bb5+ Bd7 7. Bxd7+ Qxd7
8. O-O h6 9. Nf3 e4 10. Ne5 Qxd5 11. d4 Rd8 12. Be3 c5 13. c4 Qe6 14. Qa4+ Nc6
15. d5 Qxe5 16. dxc6 bxc6 17. Qxc6+ Rd7 18. Nc3 Bd6 19. g3 O-O 20. Rad1 Rfd8
21. Bf4 Qe6 22. Bxd6 Rxd6 23. Rxd6 Rxd6 24. Qxc5 Rc6 25. Qxa7 Qxc4 26. Re1 Re6
27. h3 h5 28. Re3 Qb4 29. b3 Qd6 30. Nxe4 Qd1+ 31. Kh2 Nxe4 32. Rxe4 Rf6 33.
Qe3 Qc2 34. Rf4 Rxf4 35. Qxf4 Qxa2 36. b4 Qd5 37. h4 g6 38. Qb8+ Kg7 39. Qb6
Kh7 40. b5 Qf5 41. Kg2 Qe4+ 42. Kh2 Qf5 43. Kg2 Qe4+ 44. Kf1 Qd3+ 45. Ke1 Qc3+
46. Ke2 Qc4+ 47. Ke3 Qc3+ 48. Ke4 Qc4+ 49. Ke5 Qc3+ 50. Kd6 Qd3+ 51. Ke7 Qf5
52. Kf8 Qf3 53. Qa7 Kh6 54. Kg8 g5 55. Qxf7 1-0

[Event "III Weekend A"]
[Site "Lesa ITA"]
[Date "2014.09.21"]
[Round "4"]
[White "D'avino, Gianfranco"]
[Black "Agnello, Francesco Claudio"]
[WhiteElo "1890"]
[BlackElo "1884"]
[Result "1-0"]
[PlyCount "139"]
[EventDate "2014.09.19"]

1. d4 f5 2. c4 Nf6 3. g3 e6 4. Bg2 d5 5. Nf3 c6 6. b3 Bd6 7. O-O O-O 8. Ba3
Bxa3 9. Nxa3 Ne4 10. Qd3 Bd7 11. Nb1 Be8 12. Nbd2 Nd7 13. Ne1 g5 14. f3 Nxd2
15. Qxd2 Bg6 16. Nd3 Qf6 17. Nf2 Nb6 18. c5 Nd7 19. e4 Rfd8 20. e5 Qe7 21. f4
g4 22. b4 h5 23. h4 a6 24. a4 Be8 25. Rfb1 Nf8 26. Bf1 Qc7 27. Nd1 Rdb8 28. Nc3
b5 29. cxb6 Qxb6 30. a5 Qd8 31. Na4 Bd7 32. Nb6 Ra7 33. Rc1 Ng6 34. Rc5 Ne7 35.
Rac1 Kf7 36. Bd3 Rbb7 37. Qe2 Rxb6 38. axb6 Qxb6 39. Qb2 Bc8 40. Ra1 Bb7 41.
Rca5 Nc8 42. Qc3 Ke8 43. Qc5 Qxc5 44. bxc5 Kd7 45. Bxa6 Bxa6 46. Rxa6 Rb7 47.
R1a2 Rb4 48. R6a4 Rb3 49. Kg2 Kc7 50. Rd2 Kb7 51. Raa2 Na7 52. Rdb2 Rxb2+ 53.
Rxb2+ Nb5 54. Rxb5+ cxb5 55. Kf2 Ka6 56. Ke2 Ka5 57. Kd2 b4 58. Kc2 b3+ 59.
Kxb3 Kb5 60. c6 Kxc6 61. Ka4 Kb6 62. Kb4 Kc6 63. Ka5 Kb7 64. Kb5 Kc7 65. Kc5
Kd7 66. Kb6 Kd8 67. Kc6 Ke7 68. Kc7 Ke8 69. Kd6 Kf7 70. Kd7 1-0

[Event "III Weekend A"]
[Site "Lesa ITA"]
[Date "2014.09.21"]
[Round "4"]
[White "Gemelli, Giovanni"]
[Black "Mantovan, Giuseppe"]
[WhiteElo "1879"]
[BlackElo "1807"]
[Result "1-0"]
[PlyCount "47"]
[EventDate "2014.09.19"]

1. e4 e6 2. d4 d5 3. Nc3 Nf6 4. e5 Nfd7 5. f4 c5 6. Nf3 Nc6 7. Be3 cxd4 8. Nxd4
Bb4 9. Qd2 a6 10. Bd3 Nc5 11. O-O Nxd3 12. cxd3 Nxd4 13. Bxd4 Bd7 14. Be3 Bb5
15. Bd4 Rc8 16. Rf3 Qc7 17. Rc1 Bd7 18. f5 Bc5 19. Bxc5 Qxc5+ 20. d4 Qb6 21.
Kh1 Rc4 22. Rf4 O-O 23. f6 g6 24. Rh4 1-0

[Event "III Weekend A"]
[Site "Lesa ITA"]
[Date "2014.09.21"]
[Round "4"]
[White "Mandelli, Giacomo"]
[Black "Buzio, Alberto"]
[WhiteElo "1793"]
[BlackElo "1852"]
[Result "1-0"]
[PlyCount "113"]
[EventDate "2014.09.19"]

1. e4 c5 2. Nf3 e6 3. d4 cxd4 4. Nxd4 Nf6 5. Bd3 e5 6. Nf3 d5 7. Qe2 d4 8. h3
Nc6 9. O-O Be7 10. c3 O-O 11. Rd1 Qb6 12. cxd4 Nxd4 13. Nxd4 exd4 14. e5 Ne8
15. Nd2 Be6 16. Qe4 g6 17. Nf3 Rd8 18. Ng5 Bxg5 19. Bxg5 Rd7 20. Qh4 Bf5 21.
Bxf5 gxf5 22. Be7 Rxe7 23. Qxe7 Ng7 24. b3 Re8 25. Qd6 Qxd6 26. exd6 Ne6 27.
Re1 Rd8 28. Re5 Rxd6 29. Rxf5 Kg7 30. Rd1 Kg6 31. Rf3 f5 32. Kf1 h5 33. Rg3+
Kf6 34. Rgd3 f4 35. Rc1 Ke5 36. Rc8 Ke4 37. Ke2 Kf5 38. Rh8 Kg6 39. Kf3 Nc5 40.
Rd2 Ne6 41. Ke4 Ng5+ 42. Kd3 Ne6 43. Rc2 f3 44. g3 b6 45. b4 b5 46. a3 a5 47.
Rhc8 Kf7 48. R8c5 Nxc5+ 49. Rxc5 axb4 50. axb4 Kg6 51. Rxb5 Re6 52. Rc5 Re1 53.
Rc2 Kf5 54. b5 Rd1+ 55. Rd2 Rb1 56. Kxd4 Rxb5 57. Kc3 1-0

[Event "III Weekend A"]
[Site "Lesa ITA"]
[Date "2014.09.21"]
[Round "4"]
[White "Paleologu, Vladimir"]
[Black "Montilli, Vincenzo"]
[WhiteElo "2151"]
[BlackElo "2129"]
[Result "1-0"]
[PlyCount "141"]
[EventDate "2014.09.19"]

1. e4 e6 2. d4 d5 3. e5 c5 4. Qg4 Nc6 5. Nf3 Nxd4 6. Nxd4 cxd4 7. Bd3 Ne7 8.
O-O Nc6 9. Re1 Qc7 10. Bf4 Nb4 11. Nd2 Nxd3 12. cxd3 Bd7 13. Rac1 Qb6 14. Rc2
h5 15. Qf3 Rc8 16. Rxc8+ Bxc8 17. Rc1 Bd7 18. Rc2 a5 19. h4 Bc6 20. Qg3 a4 21.
Kh2 Rh7 22. Nf3 Be7 23. Bg5 Bc5 24. Bf6 Bf8 25. Bg5 Bc5 26. Bd2 Be7 27. Qf4 Rh8
28. Nxd4 Bd7 29. Be3 Qd8 30. Nf3 Bc6 31. Bc5 Bxc5 32. Rxc5 Qb6 33. Qd4 Ke7 34.
Qc3 f6 35. d4 Rf8 36. exf6+ gxf6 37. b4 axb3 38. axb3 Qc7+ 39. g3 Qd6 40. Qe3
Be8 41. Qc1 Bc6 42. Rc3 Rf7 43. Qh6 Kd7 44. Qxh5 Qe7 45. Re3 Rh7 46. Qg4 Rg7
47. Qf4 Ke8 48. Ne1 Rf7 49. Kg1 Kf8 50. Nd3 b6 51. Qb8+ Kg7 52. Qxb6 Qd6 53.
Qc5 Qd7 54. Qc1 Re7 55. Nc5 Qe8 56. Rc3 e5 57. dxe5 fxe5 58. Qg5+ Kh7 59. Nd3
Re6 60. Qf5+ Kh8 61. Nc5 Re7 62. Qf6+ Kg8 63. Rf3 d4 64. Rf5 Ra7 65. Rg5+ Kh7
66. Qf5+ Kh6 67. Ne4 d3 68. g4 Bxe4 69. Qxe4 d2 70. Rh5+ Kg7 71. Qh7+ 1-0

[Event "III Weekend A"]
[Site "Lesa ITA"]
[Date "2014.09.21"]
[Round "4"]
[White "Velluti, Alberto"]
[Black "Medici, Simone"]
[WhiteElo "1924"]
[BlackElo "2074"]
[Result "0-1"]
[PlyCount "92"]
[EventDate "2014.09.19"]

1. e4 c5 2. Nf3 a6 3. d4 cxd4 4. Nxd4 e5 5. Nf3 Nf6 6. Bc4 h6 7. O-O Nc6 8. Nc3
Bc5 9. a3 b5 10. Bb3 O-O 11. Qd3 d6 12. Nd5 Bd7 13. c3 Rc8 14. h3 Be6 15. Be3
Bxe3 16. Qxe3 Bxd5 17. Bxd5 Nxd5 18. exd5 Ne7 19. Rad1 f5 20. Rd2 f4 21. Qe2
Rc5 22. Rfd1 Qa8 23. Qe4 Rc4 24. Qc2 Qa7 25. Re2 Nf5 26. Nd2 Ng3 27. Ree1 Rc7
28. Qg6 Rf6 29. Qg4 Kh7 30. Qf3 Rg6 31. Qd3 Rf7 32. Ne4 Kg8 33. c4 f3 34. c5
Nxe4 35. g4 Nxf2 36. Kxf2 Qxc5+ 37. Re3 Rgf6 38. Rd2 Rf4 39. Qg6 R7f6 40. Qe8+
Kh7 41. Qc6 Qa7 42. Rc2 Re4 43. Qc3 Rc4 44. Qd3+ e4 45. Qd2 Rd4 46. Qa5 Rxd5
0-1

[Event "III Weekend A"]
[Site "Lesa ITA"]
[Date "2014.09.21"]
[Round "5"]
[White "Agnello, Francesco Claudio"]
[Black "Bonferroni, Carlo"]
[WhiteElo "1884"]
[BlackElo "1864"]
[Result "1-0"]
[PlyCount "93"]
[EventDate "2014.09.19"]

1. e4 e6 2. d4 d5 3. Nc3 Nf6 4. Bg5 Bb4 5. e5 h6 6. Bd2 Bxc3 7. bxc3 Ne4 8. Qg4
Kf8 9. Bd3 Nxd2 10. Kxd2 Qg5+ 11. Qxg5 hxg5 12. Rb1 c5 13. h3 g4 14. h4 Nc6 15.
Ke3 b6 16. Be2 cxd4+ 17. cxd4 f5 18. exf6 e5 19. fxg7+ Kxg7 20. dxe5 Nxe5 21.
Kf4 Re8 22. Rd1 Bb7 23. Bxg4 Nxg4 24. Kxg4 Rac8 25. Rd2 Re1 26. Kg3 Rc1 27. h5
R8xc2 28. Rxc2 Rxc2 29. h6+ Kh7 30. Nf3 Rc3 31. Kf4 Rc4+ 32. Ke5 Rg4 33. Rh5
Rg8 34. Ng5+ Kg6 35. h7 Rh8 36. g4 Re8+ 37. Kd4 Rh8 38. Ke5 Re8+ 39. Ne6 Rh8
40. f4 d4 41. f5+ Kf7 42. g5 d3 43. g6+ Ke7 44. g7 d2 45. gxh8=Q d1=Q 46. Qf8+
Kd7 47. Qd8+ 1-0

[Event "III Weekend A"]
[Site "Lesa ITA"]
[Date "2014.09.21"]
[Round "5"]
[White "Boschetti, Claudio"]
[Black "Paleologu, Vladimir"]
[WhiteElo "2109"]
[BlackElo "2151"]
[Result "1/2-1/2"]
[PlyCount "141"]
[EventDate "2014.09.19"]

1. e4 d5 2. exd5 Qxd5 3. Nc3 Qa5 4. d4 Nf6 5. Nf3 Bf5 6. Ne5 c6 7. Bc4 e6 8.
O-O Nbd7 9. Qe2 Nxe5 10. dxe5 Nd7 11. f4 g5 12. Kh1 gxf4 13. Bxf4 Bg7 14. Rae1
O-O-O 15. Bg3 Bg6 16. a3 Kb8 17. Bd3 Rhf8 18. Bxg6 hxg6 19. h3 Ka8 20. Rf3 a6
21. Re3 Bh6 22. Re4 Nc5 23. Rc4 Rd2 24. Qf3 Nd7 25. Ne4 Nxe5 26. Bxe5 Qxe5 27.
Rc5 Rd5 28. Qf2 Qd4 29. Qxd4 Rxd4 30. c3 Rd3 31. Rc4 Rfd8 32. Kg1 Kb8 33. Nc5
Rd2 34. b4 Ra2 35. a4 Rdd2 36. Rg4 Kc7 37. a5 Re2 38. Rxe2 Rxe2 39. Kf1 Re5 40.
Rh4 Bf8 41. Na4 Bg7 42. Rh7 Rf5+ 43. Ke2 Be5 44. Kd3 Rf4 45. Nc5 Kc8 46. h4 Rf1
47. h5 gxh5 48. Rxh5 Bc7 49. Rh8+ Bd8 50. Rf8 Rf5 51. Ke4 Rf1 52. Kd3 Rf5 53.
Kc4 Kc7 54. Re8 Rf4+ 55. Kb3 Rg4 56. Nxb7 Kxb7 57. Rxd8 c5 58. Rd7+ Kc6 59.
Rxf7 c4+ 60. Ka3 Rg3 61. Ra7 Rxc3+ 62. Ka4 Rc2 63. Rxa6+ Kd5 64. Kb5 e5 65. Ra8
e4 66. Rd8+ Ke5 67. a6 Ra2 68. Kxc4 Rxa6 69. b5 Rg6 70. Re8+ Kf4 71. Kd4
1/2-1/2

[Event "III Weekend A"]
[Site "Lesa ITA"]
[Date "2014.09.21"]
[Round "5"]
[White "Giambrone, Salvatore"]
[Black "Bonferroni, Thierry"]
[WhiteElo "1814"]
[BlackElo "1925"]
[Result "1-0"]
[PlyCount "59"]
[EventDate "2014.09.19"]

1. d4 Nf6 2. Nf3 e6 3. c4 Bb4+ 4. Nc3 O-O 5. Qb3 c5 6. Bg5 Qa5 7. Bxf6 gxf6 8.
O-O-O Bxc3 9. Qxc3 Qxc3+ 10. bxc3 b6 11. e4 Nc6 12. d5 Na5 13. Nd2 Kg7 14. f4
e5 15. Be2 Rg8 16. Rdf1 Ba6 17. g3 Kf8 18. fxe5 fxe5 19. Rf5 Re8 20. Rhf1 Rg7
21. Bh5 Nxc4 22. Nxc4 Bxc4 23. Rxf7+ Rxf7 24. Rxf7+ Kg8 25. Rxd7 Rf8 26. Rxa7
Rf1+ 27. Kd2 Rf2+ 28. Ke3 Rxh2 29. d6 Kf8 30. Ra8+ 1-0

[Event "III Weekend A"]
[Site "Lesa ITA"]
[Date "2014.09.21"]
[Round "5"]
[White "Hofmann, Colin"]
[Black "Mantovan, Giuseppe"]
[WhiteElo "1888"]
[BlackElo "1807"]
[Result "1-0"]
[PlyCount "51"]
[EventDate "2014.09.19"]

1. e4 e6 2. d4 d5 3. Nd2 Be7 4. c3 c5 5. Bd3 Nc6 6. Ndf3 Qb6 7. Ne2 Nf6 8. e5
Nd7 9. O-O cxd4 10. cxd4 f6 11. exf6 Nxf6 12. Re1 Nb4 13. Bb1 O-O 14. a3 Nc6
15. Nf4 e5 16. Nxe5 Nxe5 17. dxe5 Ng4 18. Qxd5+ Kh8 19. Rf1 Bc5 20. b4 Bxf2+
21. Kh1 Be3 22. Ng6+ hxg6 23. Rxf8+ Kh7 24. Qg8+ Kh6 25. Qh8+ Kg5 26. h4# 1-0

[Event "III Weekend A"]
[Site "Lesa ITA"]
[Date "2014.09.21"]
[Round "5"]
[White "Medici, Simone"]
[Black "Floris, Federico"]
[WhiteElo "2074"]
[BlackElo "1867"]
[Result "1/2-1/2"]
[PlyCount "94"]
[EventDate "2014.09.19"]

1. d4 d5 2. c4 e6 3. Nc3 c5 4. e3 Nf6 5. Nf3 a6 6. b3 cxd4 7. exd4 Bb4 8. Bd2
dxc4 9. bxc4 Nc6 10. Bd3 O-O 11. Ne2 Qa5 12. O-O Bxd2 13. Nxd2 Rd8 14. Nb3 Qc7
15. Rc1 a5 16. a4 Nb4 17. Bb1 Bd7 18. Nc3 Bc6 19. Qe2 Qd7 20. Qe5 b6 21. Nb5
Bxb5 22. cxb5 Qd5 23. Rc3 Rac8 24. Rg3 Qxe5 25. dxe5 Nd7 26. f4 Nc5 27. Nxc5
Rxc5 28. Rh3 g6 29. g4 Rd4 30. Rhf3 Nd5 31. h3 Rcc4 32. f5 Rf4 33. Ba2 Rxf3 34.
Rxf3 Rc1+ 35. Kg2 Rc2+ 36. Rf2 Nf4+ 37. Kf3 Rxf2+ 38. Kxf2 Nxh3+ 39. Kf3 Ng5+
40. Kf4 h6 41. Bb1 Kg7 42. Bd3 Nh7 43. Be4 Nf8 44. f6+ Kg8 45. Bc6 Nh7 46. Bf3
Ng5 47. Bg2 Kf8 1/2-1/2